| 000 | 00465nam a2200181 a 4500 | ||
|---|---|---|---|
| 001 | 4801 | ||
| 003 | CO-ViMGA | ||
| 008 | 141112s2004 ck r 000 u spa d | ||
| 040 |
_aCO-ViMGA _bspa _cCO-ViMGA |
||
| 082 | 0 | 4 | _a813.5 A526mm |
| 100 | 1 |
_aAlcott, Lovisa M _92964 |
|
| 245 | 1 | 0 |
_aMujercitas : _bmás cosas de mujercitas |
| 250 | _a11a | ||
| 260 |
_aArgentina : _bPorrúa, _c1993 |
||
| 300 | _a301 p | ||
| 650 | 1 | 4 |
_aNOVELA ESTADOUNIDENSE _9761 |
| 942 |
_2ddc _cBK |
||
| 999 |
_c16808 _d16808 |
||